000 00916nam a2200169 a 4500
008 120416s2001 ||||||||||||||||| || u
020 _a1869847725
050 _aG 153 New
245 0 4 _aThe world guide: an alternative reference to the countries of our planet 2001 - 2002
260 _aOxford
_bNew International Publications
_c2001
300 _a609p. : ill
350 _a0.00
995 _aREFERENCE BOOKS
_D0.00
_e735817
_FCBU-MAIN LIBRARY (Kitwe)
_H3
_I40.00
_jG 153 New
_M3
_UREFERENCE
_y48545
_ZReference Collection
995 _aREFERENCE BOOKS
_D0.00
_e735818
_FCBU-MAIN LIBRARY (Kitwe)
_H4
_I40.00
_jG 153 New
_M4
_UREFERENCE
_y38582
_ZReference Collection
995 _aREFERENCE BOOKS
_D0.00
_e735815
_FCBU-MAIN LIBRARY (Kitwe)
_H1
_I40.00
_jG 153 New
_M1
_UREFERENCE
_y48667
_ZReference Collection
995 _aREFERENCE BOOKS
_D0.00
_e735816
_FCBU-MAIN LIBRARY (Kitwe)
_H2
_I40.00
_jG 153 New
_M2
_UREFERENCE
_y48553
_ZReference Collection
999 _c83245
_d83245